Sports Quiz

Random Sports or WWE Quiz

Who Eliminated Me? II Quiz Stats

 Plays Quiz Updated May 3, 2018

Score 0/132 Timer 10:00
1 Play Today
% Correct
The Undertaker & Rey Mysterio
92.1%
The Undertaker
89.9%
The Undertaker
89.9%
The Undertaker
89.9%
The Undertaker
89.9%
The Undertaker
89.9%
The Undertaker
89.9%
The Undertaker
89.9%
Matt Hardy
85.2%
Kane & Daniel Bryan
84.8%
Kane & Rob Van Dam
84.7%
Kane
84.3%
Kane
84.3%
Kane
84.3%
Kane
84.3%
Kane
84.3%
Kane
84.3%
Triple H & Chyna
83.7%
Jeff Hardy
83.6%
Triple H
83.3%
Triple H
83.3%
Triple H
83.3%
Triple H
83.3%
Triple H
83.3%
John Cena
81%
John Cena
81%
The Rock
76.9%
Hulk Hogan
76.8%
Hulk Hogan
76.8%
Hulk Hogan
76.8%
Steve Austin
76.3%
Steve Austin
76.3%
Steve Austin
76.3%
Steve Austin
76.3%
Steve Austin
76.3%
Steve Austin
76.3%
Steve Austin
76.3%
Steve Austin
76.3%
Ric Flair
76%
Shawn Michaels
74.6%
Shawn Michaels
74.6%
Cody Rhodes & Dolph Ziggler
73.3%
Himself
72.7%
Randy Orton
71.4%
% Correct
Randy Orton
71%
Randy Orton
71%
Randy Orton
71%
Randy Orton
71%
The Big Show
70.9%
The Big Show
70.9%
The Big Show
70.9%
The Big Show
70.9%
The Big Show
70.9%
The Big Show
70.9%
Daniel Bryan & Dolph Ziggler
68.8%
Cody Rhodes
68%
Cody Rhodes
68%
Cody Rhodes
68%
Roman Reigns, Dean Ambrose & Seth Rollins
64.8%
CM Punk, David Otunga, Michael McGillicutty & Husky Harris
64%
Edge
63.6%
Edge
63.6%
Edge
63.6%
Edge
63.6%
Roman Reigns
63.5%
Roman Reigns
63.5%
Roman Reigns
63.5%
Goldust
60.9%
Goldust
60.9%
Randy Savage
60.7%
Randy Savage
60.7%
Mr. Perfect
59.7%
Wade Barrett
58.2%
Wade Barrett
58.2%
CM Punk
57.5%
Dolph Ziggler
56.9%
Seth Rollins
56.1%
Braun Strowman & Bobby Lashley
55.4%
Chris Jericho
54.8%
Braun Strowman & Drew McIntyre
54.3%
Dean Ambrose
53.9%
Chris Jericho
52.9%
Rob Van Dam
52.9%
Batista
52.4%
Bray Wyatt
52.4%
Brock Lesnar
51.7%
Rick Martel
50.3%
The Miz
46.5%
% Correct
Chris Benoit
46.4%
Chris Benoit
46.4%
Christian & Chuck Palumbo
46.3%
R-Truth
46.2%
Chyna
44.8%
Alberto Del Rio
43.8%
Diesel
43.4%
Diesel
43.4%
The Ultimate Warrior
40.8%
Yokozuna
39.7%
Luke Harper, Erick Rowan & Braun Strowman
39.4%
Braun Strowman
37.4%
Ted DiBiase & Koko B. Ware
37.3%
Andre the Giant
37.2%
Davey Boy Smith
36.2%
The British Bulldog
36.2%
Davey Boy Smith
36.2%
Kofi Kingston
35.5%
Kofi Kingston
35.5%
Beth Phoenix
32.2%
Goldberg
31.4%
Bubba Ray Dudley
30.2%
Finn Balor
27.4%
Heath Slater
27.3%
Rikishi
26.9%
Luke Harper
26.4%
Ryback
25.3%
Sid Justice
23.1%
Faarooq
22.6%
Faarooq
22.6%
Chainsaw Charlie
21.3%
Viscera
21.1%
Akeem
18.7%
One Man Gang
18.7%
Baron Corbin
17.5%
Vader
17.2%
Bob Backlund
14%
Crush & Dick Murdoch
14%
Bo Dallas
12.2%
Mason Ryan
10.1%
Tatanka
9.7%
Vladimir Kozlov
9.7%
Sionne
7.6%
Rene Dupree
5.2%

You're not logged in!

Compare scores with friends on all Sporcle quizzes.
OR
Log In

You Might Also Like...

Show Comments

Extras

Top Quizzes Today


Score Distribution

Your Account Isn't Verified!

In order to create a playlist on Sporcle, you need to verify the email address you used during registration. Go to your Sporcle Settings to finish the process.

Report this User

Report this user for behavior that violates our Community Guidelines.

Details: